Vista normal
Vista MARC
Entrada Personal Name
Número de registros utilizados en: 1
001 - CONTROL NUMBER
- control field: 16769
003 - CONTROL NUMBER IDENTIFIER
- control field: DLC
005 - DATE AND TIME OF LATEST TRANSACTION
- control field: 20250219095135.0
008 - FIXED-LENGTH DATA ELEMENTS
- fixed length control field: 881011n| acannaab| |a aaa |||
010 ## - LIBRARY OF CONGRESS CONTROL NUMBER
- LC control number: n 88106531
040 ## - CATALOGING SOURCE
- Original cataloging agency: DLC
- Transcribing agency: Mx-PuUPA
- Modifying agency: DLC
- Modifying agency: Mx-PuUPA
- Language of cataloging: spa
- Description conventions: rda
100 10 - HEADING--PERSONAL NAME
- Personal name: Kras, Eva S.,
- Fuller form of name: (Eva Simonsen)
374 ## - OCCUPATION
- Occupation: Autora
375 ## - GENDER
- Gender: mujer
377 ## - ASSOCIATED LANGUAGE
- Language code: eng
400 10 - SEE FROM TRACING--PERSONAL NAME
- Personal name: Kras, E. S.
- Fuller form of name: (Eva Simonsen)
670 ## - SOURCE DATA FOUND
- Source citation: Her Management in two cultures, c1988:
- Information found: CIP t.p. (Eva Simonsen Kras) pub. info. (Eva Kras, born in Canada; taught business administration in Mexico since 1981; also served as a cross-cultural management consultant to Mexican businesses and to U.S. businesses) bk. t.p. (Eva S. Kras)
670 ## - SOURCE DATA FOUND
- Source citation: Her Cultura gerencial : México-Estados Unidos, 1986:
- Information found: t.p. (E.S. Kras)